| 000 | 00463nam a2200193Ia 4500 | ||
|---|---|---|---|
| 005 | 20240531143800.0 | ||
| 008 | 131103s9999 xx 000 0 und d | ||
| 040 | _aLoreto College | ||
| 041 | _aEnglish | ||
| 082 |
_a510 _bADL |
||
| 100 | _aAdler, Irving | ||
| 245 | 4 |
_aThe new mathematics _cIrving Adler |
|
| 260 |
_aLondon _bDennis Dobson _c1967 |
||
| 300 | _a192p | ||
| 504 | _aIncludes index | ||
| 650 | _aMathematics | ||
| 850 | _aLCBED | ||
| 942 | _cBK | ||
| 999 |
_c28148 _d78627 |
||